[Event "Figueira da Foz op 8th"]
[Site "Figueira da Foz"]
[Date "2014.11.26"]
[Round "5"]
[White "Dias, Paulo Jorge Guimara"]
[Black "Sousa, Armindo"]
[Result "1/2-1/2"]
[WhiteElo "2421"]
[BlackElo "2187"]
[PlyCount "136"]
[EventDate "2014.11.23"]
[EventType "swiss"]
[EventRounds "9"]
[EventCountry "POR"]
[SourceTitle "CBM 163 Extra"]
[Source "ChessBase"]
[SourceDate "2014.12.23"]
[SourceVersion "1"]
[SourceVersionDate "2014.12.23"]
[SourceQuality "1"]

1. d4 Nf6 2. Nf3 d6 3. c4 g6 4. Nc3 Bg7 5. g3 0-0 6. Bg2 Nc6 7. 0-0 Rb8 8. h3 a6 9. e4 e5 10. d5 Ne7 11. Be3 Ne8 12. Ne1 f5 13. Nd3 Nf6 14. Kh2 fxe4 15. Nxe4 Nxe4 16. Bxe4 Nf5 17. Qd2 Nxe3 18. Qxe3 Bf5 19. f3 Qe7 20. Rac1 Bxe4 21. fxe4 Rxf1 22. Rxf1 Rf8 23. Rxf8+ Qxf8 24. Kg2 Bh6 25. Qe2 Qc8 26. h4 c6 27. dxc6 bxc6 28. c5 Qe6 29. cxd6 Qxd6 30. Nf2 Qd4 31. Qxa6 Be3 32. Qc8+ Kg7 33. Ng4 Qxe4+ 34. Kh2 Bd4 35. Qd7+ Kf8 36. Qd8+ Kf7 37. Qd7+ Kf8 38. Qd6+ Kf7 39. Qf6+ Ke8 40. Qh8+ Ke7 41. Qxh7+ Kd8 42. Qg8+ Kc7 43. Qf7+ Kb6 44. Qb3+ Kc7 45. Qd1 Bxb2 46. Nf6 Qd4 47. Qf3 Bc3 48. Ne4 Bb4 49. Kh3 Qd7+ 50. g4 Qd5 51. a4 c5 52. h5 gxh5 53. gxh5 c4 54. Qf5 c3 55. Ng3 Qd2 56. Qxe5+ Bd6 57. Qa5+ Kb7 58. Qb5+ Ka7 59. a5 Bxg3 60. Qb6+ Ka8 61. Qc6+ Ka7 62. Qb6+ Ka8 63. Qc6+ Ka7 64. Kxg3 Qg5+ 65. Kf2 Qxh5 66. Qb6+ Ka8 67. a6 Qd5 68. Qb7+ Qxb7 1/2-1/2

[Event "Uige op"]
[Site "Uige"]
[Date "2013.06.29"]
[Round "7"]
[White "Sousa, Armindo"]
[Black "Domingos, Ediberto"]
[Result "1/2-1/2"]
[WhiteElo "2193"]
[BlackElo "2195"]
[PlyCount "40"]
[EventDate "2013.06.24"]
[EventType "swiss"]
[EventRounds "9"]
[EventCountry "ANG"]
[SourceTitle "EXT 2014"]
[Source "ChessBase"]
[SourceDate "2013.11.20"]
[SourceVersion "1"]
[SourceVersionDate "2013.11.20"]
[SourceQuality "1"]

1. e4 e6 2. d4 d5 3. exd5 exd5 4. Bd3 Bd6 5. Nf3 Nf6 6. 0-0 0-0 7. c3 c6 8. Re1 Bg4 9. Nbd2 Nbd7 10. h3 Bh5 11. Nf1 Bg6 12. Be3 Re8 13. Bxg6 hxg6 14. Bg5 Qb6 15. Bc1 Qd8 16. Bg5 Qb6 17. Bc1 Qd8 18. Bg5 Qb6 19. Bc1 Qd8 20. Bg5 Qb6 1/2-1/2

[Event "Uige op"]
[Site "Uige"]
[Date "2013.06.27"]
[Round "5"]
[White "Pascoal, Eduardo A"]
[Black "Sousa, Armindo"]
[Result "1/2-1/2"]
[WhiteElo "2215"]
[BlackElo "2193"]
[PlyCount "59"]
[EventDate "2013.06.24"]
[EventType "swiss"]
[EventRounds "9"]
[EventCountry "ANG"]
[SourceTitle "EXT 2014"]
[Source "ChessBase"]
[SourceDate "2013.11.20"]
[SourceVersion "1"]
[SourceVersionDate "2013.11.20"]
[SourceQuality "1"]

1. d4 Nf6 2. Nf3 g6 3. c4 Bg7 4. Nc3 d6 5. g3 0-0 6. Bg2 Nc6 7. h3 a6 8. 0-0 Rb8 9. a4 Bf5 10. g4 Bd7 11. a5 Qc8 12. d5 Nd8 13. Nd4 e5 14. Nc2 h5 15. f3 b6 16. e4 bxa5 17. Rxa5 c5 18. Ra1 Kh7 19. Qd3 Rh8 20. g5 Ne8 21. h4 f5 22. exf5 Bxf5 23. Ne4 Rf8 24. Kh2 Rb6 25. Bd2 Nb7 26. Ne3 Bxe4 27. fxe4 Rf4 28. Bh3 Qc7 29. Ng2 Rxf1 30. Rxf1 1/2-1/2

[Event "Badalona op 35th"]
[Site "Badalona"]
[Date "2009.08.02"]
[Round "2"]
[White "Bacallao Alonso, Yusnel"]
[Black "Sousa, Armindo"]
[Result "1-0"]
[WhiteElo "2467"]
[BlackElo "2215"]
[PlyCount "98"]
[EventDate "2009.08.01"]
[EventType "swiss"]
[EventRounds "9"]
[EventCountry "ESP"]
[SourceTitle "CBM 131 Extra"]
[Source "ChessBase"]
[SourceDate "2009.09.03"]
[SourceVersion "2"]
[SourceVersionDate "2009.09.16"]
[SourceQuality "1"]

1. e4 d6 2. d4 Nf6 3. Nc3 g6 4. g3 Bg7 5. Bg2 0-0 6. Nge2 e5 7. 0-0 Nc6 8. dxe5 dxe5 9. Qxd8 Nxd8 10. Be3 Ne6 11. h3 c6 12. Rfd1 Re8 13. a4 a5 14. Nc1 Nd7 15. Nb3 h5 16. Nb1 h4 17. Na3 hxg3 18. fxg3 Bf8 19. Nc4 Nec5 20. Ncxa5 Nxb3 21. Nxb3 Nf6 22. a5 Nh5 23. Bf2 Be6 24. Kh2 Bxb3 25. cxb3 Red8 26. Bb6 Rxd1 27. Rxd1 Bb4 28. Bc7 Re8 29. h4 Nf6 30. Bf3 Kg7 31. g4 g5 32. Kg3 gxh4+ 33. Kxh4 Bc5 34. g5 Bf2+ 35. Kh3 Nh7 36. Kg4 Be3 37. Bd8 Bd4 38. Bb6 Bxb6 39. axb6 Re7 40. Rd8 Nf8 41. Rb8 Ne6 42. Be2 Nc5 43. Kf5 Nxb3 44. Bd1 Nd4+ 45. Kg4 c5 46. Ba4 c4 47. Re8 Rxe8 48. Bxe8 Ne6 49. Kf5 Nc5 1-0

[Event "Olympiad-38"]
[Site "Dresden"]
[Date "2008.11.16"]
[Round "4"]
[White "Sousa, Armindo"]
[Black "Meddeb, Anis"]
[Result "1/2-1/2"]
[WhiteElo "2210"]
[BlackElo "2071"]
[PlyCount "62"]
[EventDate "2008.11.13"]
[EventType "team-swiss"]
[EventRounds "11"]
[EventCountry "GER"]
[SourceTitle "CBM 128"]
[Source "ChessBase"]
[SourceDate "2009.01.28"]
[SourceVersion "1"]
[SourceVersionDate "2009.01.28"]
[SourceQuality "1"]
[WhiteTeam "Angola"]
[BlackTeam "Tunisia"]
[WhiteTeamCountry "ANG"]
[BlackTeamCountry "TUN"]

1. e4 c5 2. Nf3 Nc6 3. d4 cxd4 4. Nxd4 e5 5. Nb3 Nf6 6. Nc3 Be7 7. Be2 0-0 8. 0-0 d6 9. f4 exf4 10. Bxf4 Ne5 11. Kh1 a6 12. Nd4 Qc7 13. Bg5 Be6 14. Nf5 Bxf5 15. Rxf5 Rac8 16. Qe1 b5 17. a3 Qb7 18. Bd3 Rc5 19. Qf1 Nfg4 20. Nd5 Bxg5 21. Rxg5 f6 22. Rf5 Nxd3 23. Qxd3 Ne5 24. Qg3 Kh8 25. c3 Rc4 26. Re1 Qf7 27. Rf2 Re8 28. Nb6 Rc6 29. Nd5 Rc4 30. Nb6 Rc6 31. Nd5 Rc4 1/2-1/2

[Event "Olympiad-37"]
[Site "Turin"]
[Date "2006.06.04"]
[Round "13"]
[White "Amer, Karim"]
[Black "Sousa, Armindo"]
[Result "1-0"]
[WhiteElo "2260"]
[BlackElo "2205"]
[PlyCount "61"]
[EventDate "2006.05.21"]
[EventType "team-swiss"]
[EventRounds "13"]
[EventCountry "ITA"]
[SourceTitle "CBM 113"]
[Source "ChessBase"]
[SourceDate "2006.07.31"]
[SourceVersion "1"]
[SourceVersionDate "2006.07.31"]
[SourceQuality "1"]
[WhiteTeam "Pakistan"]
[BlackTeam "Angola"]
[WhiteTeamCountry "PAK"]
[BlackTeamCountry "ANG"]

1. d4 Nf6 2. c4 g6 3. Nc3 Bg7 4. e4 d6 5. Nf3 0-0 6. Be2 e5 7. Be3 Ng4 8. Bg5 f6 9. Bh4 Nc6 10. h3 Nh6 11. dxe5 dxe5 12. Qxd8 Rxd8 13. Nd5 g5 14. Nxc7 Rb8 15. Bg3 Nf7 16. 0-0 Nd6 17. Nd2 Nd4 18. Bd1 b6 19. Rc1 g4 20. hxg4 Bb7 21. Nd5 Bxd5 22. exd5 Rbc8 23. b3 b5 24. f4 bxc4 25. bxc4 e4 26. Bf2 f5 27. Nb3 Nxc4 28. Bxd4 Bxd4+ 29. Nxd4 Ne3 30. Rxc8 Rxc8 31. Nxf5 1-0

[Event "Olympiad-37"]
[Site "Turin"]
[Date "2006.05.30"]
[Round "9"]
[White "Wijesurija, G Laxman"]
[Black "Sousa, Armindo"]
[Result "0-1"]
[WhiteElo "2127"]
[BlackElo "2205"]
[PlyCount "54"]
[EventDate "2006.05.21"]
[EventType "team-swiss"]
[EventRounds "13"]
[EventCountry "ITA"]
[SourceTitle "CBM 113"]
[Source "ChessBase"]
[SourceDate "2006.07.31"]
[SourceVersion "1"]
[SourceVersionDate "2006.07.31"]
[SourceQuality "1"]
[WhiteTeam "Sri Lanka"]
[BlackTeam "Angola"]
[WhiteTeamCountry "SRI"]
[BlackTeamCountry "ANG"]

1. d4 Nf6 2. Bg5 g6 3. Bxf6 exf6 4. Nf3 Bg7 5. e3 d6 6. c4 0-0 7. Nc3 f5 8. Qc2 Nc6 9. 0-0-0 a5 10. h4 h5 11. a3 Bd7 12. Nd5 a4 13. Nf4 Na5 14. Ng5 Nb3+ 15. Kb1 c6 16. Bd3 Qf6 17. Qe2 Rfe8 18. Qf3 Rab8 19. Rh3 Nxd4 20. exd4 Qxd4 21. Rd2 Re1+ 22. Ka2 b5 23. Ne2 Qc5 24. Qe3 b4 25. axb4 Qxb4 26. Bb1 Bxb2 27. Qe7 Qxc4+ 0-1

[Event "Olympiad-37"]
[Site "Turin"]
[Date "2006.05.24"]
[Round "4"]
[White "Sousa, Armindo"]
[Black "Soto Paez, Oliver de la Trinid"]
[Result "0-1"]
[WhiteElo "2205"]
[BlackElo "2293"]
[PlyCount "80"]
[EventDate "2006.05.21"]
[EventType "team-swiss"]
[EventRounds "13"]
[EventCountry "ITA"]
[SourceTitle "CBM 113"]
[Source "ChessBase"]
[SourceDate "2006.07.31"]
[SourceVersion "1"]
[SourceVersionDate "2006.07.31"]
[SourceQuality "1"]
[WhiteTeam "Angola"]
[BlackTeam "Venezuela"]
[WhiteTeamCountry "ANG"]
[BlackTeamCountry "VEN"]

1. e4 c5 2. Nf3 e6 3. d4 cxd4 4. Nxd4 a6 5. Bd3 Bc5 6. Nb3 Be7 7. 0-0 Qc7 8. c4 Nf6 9. Nc3 b6 10. f4 d6 11. Qe2 Nbd7 12. Be3 Bb7 13. Rac1 Rd8 14. Kh1 g6 15. Bd4 h5 16. h3 h4 17. Kg1 Rg8 18. Rfe1 Nh5 19. Qf2 Nc5 20. Bc2 Ng3 21. Nd2 Nd7 22. Ba4 Bc6 23. Bxc6 Qxc6 24. Nf3 Rc8 25. b3 b5 26. cxb5 axb5 27. a4 bxa4 28. Na2 Qb7 29. Rxc8+ Qxc8 30. bxa4 Qc6 31. Nc3 Bd8 32. Nb5 Kf8 33. Ng5 Ba5 34. Rd1 Qc4 35. Nxd6 Qxa4 36. Ra1 Qxa1+ 37. Bxa1 Bb6 38. Nh7+ Ke7 39. Bf6+ Kxd6 40. Bd4 Rc8 0-1

[Event "Olympiad-37"]
[Site "Turin"]
[Date "2006.05.22"]
[Round "2"]
[White "Sousa, Armindo"]
[Black "Flanders, Cander"]
[Result "1-0"]
[WhiteElo "2205"]
[BlackElo "2046"]
[PlyCount "65"]
[EventDate "2006.05.21"]
[EventType "team-swiss"]
[EventRounds "13"]
[EventCountry "ITA"]
[SourceTitle "CBM 113"]
[Source "ChessBase"]
[SourceDate "2006.07.31"]
[SourceVersion "1"]
[SourceVersionDate "2006.07.31"]
[SourceQuality "1"]
[WhiteTeam "Angola"]
[BlackTeam "Netherlands Antilles"]
[WhiteTeamCountry "ANG"]
[BlackTeamCountry "AHO"]

1. e4 c5 2. Nf3 Nc6 3. Nc3 d6 4. d4 cxd4 5. Nxd4 Nf6 6. Be2 g6 7. 0-0 Bg7 8. Nb3 0-0 9. Bg5 h6 10. Bh4 a6 11. a4 e5 12. Qd2 g5 13. Bg3 Be6 14. h4 Ne8 15. hxg5 hxg5 16. Nd5 Bxd5 17. exd5 Ne7 18. Qxg5 Nxd5 19. Qxd8 Rxd8 20. Bf3 Nef6 21. Rfd1 e4 22. Be2 e3 23. Bf3 exf2+ 24. Kxf2 Nb4 25. Bxd6 Nxc2 26. Rac1 Nd4 27. Rxd4 Ne4+ 28. Rxe4 Rxd6 29. Rc2 Rfd8 30. Rce2 Kh7 31. a5 Rd3 32. Rb4 R8d7 33. Be4+ 1-0

[Event "Africa-ch"]
[Site "Lusaka"]
[Date "2005.11.08"]
[Round "4"]
[White "El Taher, Fouad"]
[Black "Sousa, Armindo"]
[Result "1-0"]
[WhiteElo "2482"]
[BlackElo "2207"]
[PlyCount "90"]
[EventDate "2005.11.05"]
[EventType "swiss"]
[EventRounds "9"]
[EventCountry "ZAM"]
[SourceTitle "EXT 2006"]
[Source "ChessBase"]
[SourceDate "2005.11.24"]
[SourceVersion "1"]
[SourceVersionDate "2005.11.24"]
[SourceQuality "1"]

1. e4 c5 2. Nf3 d6 3. d4 cxd4 4. Nxd4 Nf6 5. Nc3 g6 6. g3 Nc6 7. Bg2 Nxd4 8. Qxd4 Bg7 9. 0-0 0-0 10. Qd3 Qa5 11. h3 Be6 12. Bd2 Qc7 13. Rfe1 Rac8 14. Rac1 a6 15. b3 Rfe8 16. Ne2 Nd7 17. c4 Nc5 18. Qe3 a5 19. Nf4 b6 20. Bc3 Bxc3 21. Rxc3 Nd7 22. h4 Qc5 23. Nxe6 fxe6 24. Bh3 Nf8 25. e5 Qxe3 26. Rcxe3 Kf7 27. Rf3+ Kg7 28. exd6 exd6 29. Rd3 Rcd8 30. Red1 Kf6 31. Rxd6 Rxd6 32. Rxd6 Rb8 33. Rc6 Ke7 34. c5 bxc5 35. Rxc5 Ra8 36. Kf1 Kd6 37. Rb5 Nd7 38. Bg2 Ra6 39. Ke2 a4 40. b4 Rb6 41. Rxb6+ Nxb6 42. Kd3 e5 43. Be4 Ke6 44. Kc3 Kd6 45. h5 gxh5 1-0

[Event "Olympiad-36"]
[Site "Mallorca"]
[Date "2004.10.29"]
[Round "14"]
[White "Sousa, Armindo"]
[Black "Talla, Vladimir"]
[Result "0-1"]
[WhiteElo "2216"]
[BlackElo "2385"]
[PlyCount "56"]
[EventDate "2004.10.15"]
[EventType "team-swiss"]
[EventRounds "14"]
[EventCountry "ESP"]
[SourceTitle "CBM 104"]
[Source "ChessBase"]
[SourceDate "2005.01.27"]
[SourceVersion "1"]
[SourceVersionDate "2005.01.27"]
[SourceQuality "1"]
[WhiteTeam "Angola"]
[BlackTeam "IPCA"]
[WhiteTeamCountry "ANG"]

1. e4 e5 2. Nf3 Nc6 3. d3 g6 4. g3 Bg7 5. Bg2 Nge7 6. 0-0 0-0 7. Nh4 d5 8. Nd2 f5 9. c3 dxe4 10. dxe4 f4 11. Nhf3 h6 12. Nb3 Qe8 13. gxf4 exf4 14. Nbd4 g5 15. Nxc6 Nxc6 16. Nd4 Ne5 17. f3 c5 18. Nb3 b6 19. Qe2 Be6 20. Nd2 Rd8 21. b3 Rd3 22. Rb1 Qh5 23. Nc4 Bxc4 24. bxc4 Rfd8 25. Rb2 Nxc4 26. Rc2 Be5 27. Re1 Ne3 28. Rd2 c4 0-1

[Event "Olympiad-35"]
[Site "Bled"]
[Date "2002.10.31"]
[Round "6.3"]
[White "Sousa, Armindo"]
[Black "Sidorenko, Alexei"]
[Result "0-1"]
[WhiteElo "2214"]
[BlackElo "2324"]
[PlyCount "112"]
[EventDate "2002.10.26"]
[EventType "team-swiss"]
[EventRounds "14"]
[EventCountry "SLO"]
[SourceTitle "EXT 2003"]
[Source "ChessBase"]
[SourceDate "2002.11.25"]
[SourceVersion "1"]
[SourceVersionDate "2002.11.25"]
[SourceQuality "1"]
[WhiteTeam "Angola"]
[BlackTeam "Kyrgyzstan"]
[WhiteTeamCountry "ANG"]
[BlackTeamCountry "KGZ"]

1. e4 c5 2. Nf3 Nc6 3. d4 cxd4 4. Nxd4 e5 5. Nb3 Nf6 6. Nc3 Bb4 7. Bd3 d5 8. exd5 Nxd5 9. Bd2 Nxc3 10. bxc3 Be7 11. 0-0 0-0 12. f4 f5 13. fxe5 Nxe5 14. Qe2 Bd6 15. Nd4 g6 16. Bf4 Re8 17. Rae1 Bd7 18. Qd2 Rc8 19. Kh1 a6 20. Nf3 Nxf3 21. Rxe8+ Bxe8 22. Rxf3 Bxf4 23. Rxf4 Bf7 24. c4 Qb6 25. h4 Re8 26. h5 Qe3 27. Qxe3 Rxe3 28. hxg6 hxg6 29. Rd4 Re7 30. Kg1 Kg7 31. Rd6 Rc7 32. Rb6 Be8 33. Rd6 Rc6 34. Rd4 Kf6 35. Kf2 Bf7 36. g4 Ke5 37. Ke3 Be6 38. gxf5 gxf5 39. Rh4 Rc7 40. a3 Rg7 41. c5 Rc7 42. Rb4 Bd5 43. Rf4 Rf7 44. Bc4 Bxc4 45. Rxc4 Kd5 46. Rb4 Kxc5 47. Kf4 b5 48. Rb3 Kc4 49. Rh3 a5 50. Rb3 Rh7 51. Kxf5 Rh2 52. Rb2 Rh3 53. Ra2 Re3 54. Kf4 Re1 55. Kf3 Kc3 56. Kf4 Rc1 0-1

[Event "Olympiad-35"]
[Site "Bled"]
[Date "2002.10.27"]
[Round "2.2"]
[White "Sousa, Armindo"]
[Black "Grassi, Enrico"]
[Result "1-0"]
[WhiteElo "2214"]
[BlackElo "2117"]
[PlyCount "57"]
[EventDate "2002.10.26"]
[EventType "team-swiss"]
[EventRounds "14"]
[EventCountry "SLO"]
[SourceTitle "EXT 2003"]
[Source "ChessBase"]
[SourceDate "2002.11.25"]
[SourceVersion "1"]
[SourceVersionDate "2002.11.25"]
[SourceQuality "1"]
[WhiteTeam "Angola"]
[BlackTeam "San Marino"]
[WhiteTeamCountry "ANG"]
[BlackTeamCountry "SMR"]

1. c4 Nf6 2. Nc3 g6 3. e4 d6 4. d4 Bg7 5. Be2 0-0 6. Nf3 e5 7. 0-0 exd4 8. Nxd4 Re8 9. f3 c6 10. Kh1 a6 11. Bg5 h6 12. Bh4 b5 13. Nc2 Ra7 14. f4 Rd7 15. cxb5 axb5 16. Bf3 Qc7 17. Rc1 Ba6 18. Nb4 Qa5 19. Qb3 Bb7 20. e5 dxe5 21. fxe5 Nh7 22. Ne4 Bxe5 23. Nc5 Rd4 24. Be1 Qc7 25. Nxb7 Bxh2 26. Nxc6 Nxc6 27. Rxc6 Qf4 28. Rxg6+ Kh8 29. Rg4 1-0

[Event "Olympiad-33"]
[Site "Elista"]
[Date "1998.10.03"]
[Round "5.1"]
[White "Eid, Fadi"]
[Black "Sousa, Armindo"]
[Result "1/2-1/2"]
[WhiteElo "2280"]
[BlackElo "2220"]
[PlyCount "93"]
[EventDate "1998.09.29"]
[EventType "team-swiss"]
[EventRounds "13"]
[EventCountry "RUS"]
[SourceTitle "CBM 068"]
[Source "ChessBase"]
[SourceDate "1999.02.01"]
[SourceVersion "1"]
[SourceVersionDate "1999.02.01"]
[SourceQuality "1"]
[WhiteTeam "Lebanon"]
[BlackTeam "Angola"]
[WhiteTeamCountry "LBN"]
[BlackTeamCountry "ANG"]

1. e4 c5 2. Nf3 Nc6 3. Bb5 a6 4. Bxc6 bxc6 5. 0-0 d6 6. h3 e5 7. c3 Nf6 8. d4 cxd4 9. cxd4 Qc7 10. dxe5 dxe5 11. b3 Be7 12. Qc2 0-0 13. Bb2 Nd7 14. Nbd2 Kh8 15. Rac1 Bb7 16. Nc4 f6 17. Bc3 c5 18. Rfd1 Rfe8 19. Ne3 Qc6 20. Nd5 Bf8 21. Ba5 Rac8 22. Nd2 f5 23. Nc4 fxe4 24. Qxe4 Qe6 25. Nce3 Nf6 26. Qc4 Nxd5 27. Nxd5 Qg6 28. Qg4 Qxg4 29. hxg4 Rc6 30. Ne3 Bc8 31. Rd5 Rg6 32. Rcd1 Kg8 33. Rd8 Rxd8 34. Rxd8 Bxg4 35. Bc7 Kf7 36. Bxe5 Be7 37. Ra8 Be2 38. Ra7 Ke6 39. f4 Bd3 40. g4 h5 41. f5+ Bxf5 42. Nxf5 Rxg4+ 43. Kf2 Bg5 44. Nxg7+ Kxe5 45. Nxh5 Rh4 46. Ng3 Rh2+ 47. Kf3 1/2-1/2

[Event "Olympiad-33"]
[Site "Elista"]
[Date "1998.10.02"]
[Round "4.2"]
[White "Daly, Colm"]
[Black "Sousa, Armindo"]
[Result "1/2-1/2"]
[WhiteElo "2295"]
[BlackElo "2220"]
[PlyCount "255"]
[EventDate "1998.09.29"]
[EventType "team-swiss"]
[EventRounds "13"]
[EventCountry "RUS"]
[SourceTitle "CBM 068"]
[Source "ChessBase"]
[SourceDate "1999.02.01"]
[SourceVersion "1"]
[SourceVersionDate "1999.02.01"]
[SourceQuality "1"]
[WhiteTeam "Ireland"]
[BlackTeam "Angola"]
[WhiteTeamCountry "IRL"]
[BlackTeamCountry "ANG"]

1. d4 Nf6 2. Nf3 g6 3. c4 Bg7 4. Nc3 0-0 5. e4 d6 6. Be2 e5 7. 0-0 Nc6 8. d5 Ne7 9. Bg5 h6 10. Bxf6 Bxf6 11. b4 Bg7 12. c5 f5 13. Nd2 fxe4 14. Ndxe4 Nf5 15. a4 Nd4 16. cxd6 cxd6 17. Nb5 Nxb5 18. Bxb5 Bf5 19. Bd3 Qb6 20. Rb1 Qd4 21. Qe2 Rac8 22. Rfd1 Qb6 23. a5 Qd8 24. Rdc1 Qe7 25. a6 bxa6 26. Bxa6 Rxc1+ 27. Rxc1 Bxe4 28. Qxe4 Qf6 29. Rc2 Kh7 30. Bd3 Rf7 31. h4 h5 32. g3 Bf8 33. Kg2 Be7 34. Qe2 Kg7 35. Be4 Bd8 36. Rc6 Bb6 37. f3 Rd7 38. Qa6 Qe7 39. Qd3 Qf6 40. Qc2 g5 41. Kh3 gxh4 42. gxh4 Bd8 43. Qf2 Kf8 44. Ra6 Rg7 45. Rxa7 Rg4 46. Ra8 Rxh4+ 47. Kg2 Qg5+ 48. Kf1 Qc1+ 49. Ke2 Rh2 50. Qxh2 Qb2+ 51. Kd3 Qxh2 52. Rxd8+ Ke7 53. Rh8 h4 54. Rh7+ Kd8 55. b5 Qb2 56. Kc4 h3 57. Rxh3 Kc7 58. Rh7+ Kb6 59. Kd3 Qxb5+ 60. Ke3 Qa5 61. Kf2 Kc5 62. Kg3 Qd8 63. Kg4 Qg8+ 64. Kh5 Kd4 65. Kh6 Qg3 66. Rg7 Qh4+ 67. Kg6 Qd8 68. Kf7 Kc5 69. Rg8 Qd7+ 70. Kf6 Qh3 71. Ke7 Qh4+ 72. Kd7 Qh3+ 73. Kc7 Qh4 74. Rg7 Qe1 75. Rg2 Qa5+ 76. Kd7 Qa4+ 77. Ke7 Qa7+ 78. Ke6 Qb8 79. Rc2+ Kd4 80. Kd7 Qf8 81. Rc6 Qf7+ 82. Kxd6 Qf6+ 83. Kd7 Qf7+ 84. Kc8 Qe8+ 85. Kb7 Qd7+ 86. Ka6 Qd8 87. d6 Qa8+ 88. Kb5 Qb7+ 89. Rb6 Qd7+ 90. Kb4 Qd8 91. Rc6 Qb8+ 92. Ka3 Qa7+ 93. Kb3 Qb7+ 94. Kc2 Qa7 95. Kd2 Qa2+ 96. Rc2 Qa3 97. Ke2 Qe3+ 98. Kf1 Qh6 99. Kg1 Ke3 100. Rh2 Qxd6 101. Kg2 Qd2+ 102. Kh3 Qe1 103. Kg2 Kf4 104. Rh7 Qg3+ 105. Kh1 Qg8 106. Rh4+ Kg3 107. Rh2 Qc4 108. Rg2+ Kf4 109. Rg4+ Ke3 110. Kg2 Qc1 111. Rg5 Ke2 112. Rf5 Qf1+ 113. Kg3 Qg1+ 114. Kh4 Qh2+ 115. Kg5 Ke3 116. Kf6 Kd4 117. Ke6 Qh8 118. Rf7 Qe8+ 119. Re7 Qg8+ 120. Kd6 Qb8+ 121. Kd7 Qa7+ 122. Ke6 Qa6+ 123. Kf7 Qb6 124. Rd7+ Ke3 125. Re7 Kd4 126. Re6 Qc7+ 127. Kg6 Qd8 128. Kf7 1/2-1/2

[Event "Olympiad-33"]
[Site "Elista"]
[Date "1998.10.01"]
[Round "3.2"]
[White "Sousa, Armindo"]
[Black "Simonet Pons, Marc"]
[Result "1-0"]
[WhiteElo "2220"]
[BlackElo "2270"]
[PlyCount "120"]
[EventDate "1998.09.29"]
[EventType "team-swiss"]
[EventRounds "13"]
[EventCountry "RUS"]
[SourceTitle "CBM 068"]
[Source "ChessBase"]
[SourceDate "1999.02.01"]
[SourceVersion "1"]
[SourceVersionDate "1999.02.01"]
[SourceQuality "1"]
[WhiteTeam "Angola"]
[BlackTeam "Andorra"]
[WhiteTeamCountry "ANG"]
[BlackTeamCountry "AND"]

1. e4 c5 2. Nf3 Nc6 3. d4 cxd4 4. Nxd4 Nf6 5. Nc3 e5 6. Ndb5 d6 7. Bg5 a6 8. Na3 Be6 9. Nc4 Rc8 10. Ne3 Be7 11. Bxf6 Bxf6 12. Be2 0-0 13. 0-0 Bg5 14. Ncd5 g6 15. c3 f5 16. exf5 gxf5 17. Kh1 Bxe3 18. fxe3 Ne7 19. Nxe7+ Qxe7 20. Qd2 d5 21. Bf3 Kh8 22. Rad1 Rfd8 23. Qf2 b5 24. Qg3 Qg7 25. Qxg7+ Kxg7 26. Rd2 Rd7 27. Rfd1 Kf6 28. g3 Ke7 29. Kg1 Rcd8 30. Kf2 Kd6 31. a4 Kc5 32. axb5 axb5 33. b4+ Kd6 34. g4 e4 35. gxf5 Bxf5 36. Rxd5+ Kc6 37. Rc5+ Kb6 38. Rxd7 Rxd7 39. Rxf5 exf3 40. Rxf3 Rd2+ 41. Kg3 Rc2 42. e4 Re2 43. Kf4 Rxh2 44. e5 Kc6 45. Rd3 h5 46. Kf5 h4 47. e6 h3 48. e7 Re2 49. Kf6 h2 50. Rd1 Kc7 51. Kf7 Rf2+ 52. Ke8 Rf3 53. Rh1 Rf2 54. Rd1 Rf3 55. Rc1 Re3 56. c4 bxc4 57. Rxc4+ Kd6 58. Rd4+ Ke6 59. Rh4 Re2 60. Rh6+ Kd5 1-0

[Event "Olympiad-33"]
[Site "Elista"]
[Date "1998.09.29"]
[Round "1.2"]
[White "Zapata, Alonso"]
[Black "Sousa, Armindo"]
[Result "1-0"]
[WhiteElo "2470"]
[BlackElo "2220"]
[PlyCount "69"]
[EventDate "1998.09.29"]
[EventType "team-swiss"]
[EventRounds "13"]
[EventCountry "RUS"]
[SourceTitle "CBM 068"]
[Source "ChessBase"]
[SourceDate "1999.02.01"]
[SourceVersion "1"]
[SourceVersionDate "1999.02.01"]
[SourceQuality "1"]
[WhiteTeam "Colombia"]
[BlackTeam "Angola"]
[WhiteTeamCountry "COL"]
[BlackTeamCountry "ANG"]

1. e4 g6 2. d4 Bg7 3. Nf3 d6 4. Bc4 Nf6 5. Qe2 0-0 6. e5 dxe5 7. dxe5 Nd5 8. h3 c6 9. 0-0 h6 10. Bb3 e6 11. c4 Ne7 12. Nc3 Nd7 13. Bf4 Qc7 14. Bc2 a6 15. Rfe1 b5 16. Qe3 Kh7 17. Ne4 Qb6 18. Qa3 c5 19. Nd6 Rb8 20. Rad1 Qc7 21. h4 bxc4 22. h5 Bb7 23. hxg6+ fxg6 24. Ng5+ hxg5 25. Qh3+ Bh6 26. Bxg5 Ng8 27. Qxe6 Nxe5 28. Rxe5 Qg7 29. Bxh6 Nxh6 30. Nxb7 Rxb7 31. Rd6 Rxb2 32. Bxg6+ Kh8 33. Be4 Rfxf2 34. Rd8+ Rf8 35. Rh5 1-0

[Event "Olympiad-32"]
[Site "Yerevan"]
[Date "1996.09.28"]
[Round "12.1"]
[White "Sousa, Armindo"]
[Black "Zapata, Alonso"]
[Result "0-1"]
[WhiteElo "2230"]
[BlackElo "2525"]
[PlyCount "192"]
[EventDate "1996.09.15"]
[EventType "team-swiss"]
[EventRounds "14"]
[EventCountry "ARM"]
[SourceTitle "CBM 055"]
[Source "ChessBase"]
[SourceDate "1996.12.01"]
[SourceVersion "1"]
[SourceVersionDate "1996.12.01"]
[SourceQuality "1"]
[WhiteTeam "Angola"]
[BlackTeam "Colombia"]
[WhiteTeamCountry "ANG"]
[BlackTeamCountry "COL"]

1. e4 c5 2. Nf3 e6 3. d4 cxd4 4. Nxd4 a6 5. Bd3 Nf6 6. 0-0 Qc7 7. Nc3 Nc6 8. Nb3 b5 9. a3 Be7 10. f4 d6 11. Kh1 0-0 12. Qf3 Bb7 13. Qh3 Rad8 14. Bd2 b4 15. Ne2 bxa3 16. bxa3 e5 17. fxe5 dxe5 18. Ng3 Bc8 19. Nf5 Bxf5 20. Rxf5 a5 21. a4 Nb4 22. Bxb4 Bxb4 23. Qg3 Nd7 24. Rf2 Nb6 25. Bb5 Qc3 26. Qxc3 Bxc3 27. Raf1 Rc8 28. Rd1 Rfd8 29. Rd3 Kf8 30. Rf1 Bb4 31. Rc1 Ke7 32. Rxd8 Rxd8 33. Kg1 Bc3 34. Kf2 Rc8 35. Rd1 Bb4 36. c4 Nxc4 37. Rd7+ Kf6 38. Ba6 Rc6 39. Bb5 Rd6 40. Rc7 Nb2 41. Rc6 Nd1+ 42. Kf3 Rxc6 43. Bxc6 h5 44. Nc1 Bc5 45. Nb3 Bb6 46. Nd2 Ne3 47. Bb5 Nc2 48. Nc4 Nd4+ 49. Kg3 Bc7 50. Ba6 Kg5 51. h4+ Kf6 52. Ne3 Bd6 53. Nd5+ Kg6 54. Ne3 Bb4 55. Kf2 Bc5 56. Nc4 Kf6 57. Kg3 Bb4 58. Kf2 g6 59. Ne3 Bc5 60. Kg3 Nb3 61. Nc4 Bb4 62. Bb7 Be1+ 63. Kh3 Nd4 64. Bd5 Ne2 65. g3 Nxg3 66. Kg2 Nxe4 67. Bxe4 Ke6 68. Bc6 Bc3 69. Kf3 f5 70. Be8 Kf6 71. Ne3 Be1 72. Nd5+ Kg7 73. Ne7 Kf8 74. Bxg6 Kxe7 75. Bxf5 Kf6 76. Bd7 Bxh4 77. Ke4 Bf2 78. Kf3 Ke7 79. Bh3 Bd4 80. Ke4 Kd6 81. Bf5 Kc5 82. Kf3 Bg1 83. Kg2 Be3 84. Kf3 Kd4 85. Bg6 h4 86. Bf5 Bg5 87. Ke2 e4 88. Bd7 Ke5 89. Kf2 Kf4 90. Bc8 Be7 91. Bd7 Bc5+ 92. Ke2 Kg3 93. Bc6 e3 94. Ba8 h3 95. Bc6 Kh2 96. Bd7 Kg2 0-1